000 01141nmm a2200325 a 4500
001 ocm0002146004
003 TR-IsHL
005 20201028182756.0
008 190207s2017 tu tur
007 cr cn
020 _a9786053275879
035 _a2146004
_b(N$T)
050 0 4 _aHF5655
_b.D736 2017
090 0 4 _aHF5655
_b.D736 2017
100 1 _aDizman, Şakir
245 1 0 _aTFRS kapsamında finansal durum tablosu (Bilanço) ve dönen varlıklar için muhasebe uygulamaları
_h[electronic resource] /
_cŞakir Dizman
260 _aBursa :
_bEkin Basım Yayın Dağıtım,
_c2017
300 _a173 p.
500 _aKaynakça var.
650 4 _aEkonomi ve Finans
650 4 _aEconomics and Finance
650 0 _aMuhasebe
_x Türkiye
650 0 _aAccounting
_x Türkiye
650 0 _aFinansal tablolar
650 0 _aFinancial statements
650 0 _aMuhasebe
_x Standartlar
_x Türkiye
650 0 _aAccounting
_x Standards
_x Turkey
650 7 _aBUSINESS & ECONOMICS / Accounting / Financial
_2bisacsh
856 4 0 _uhttp://search.ebscohost.com/login.aspx?direct=true&scope=site&db=e011xww&AN=2146004
999 _c20227
_d20227